[Event "Marienbad Open 2022 - A2 GM Round Robin"]
[Site "Continental hotel, Marianske Lazne"]
[Date "2022.01.19"]
[Round "6"]
[Board "4"]
[White "Finek, Vaclav"]
[Black "Stefansson, Hannes"]
[Result "1/2-1/2"]
[WhiteElo "2425"]
[BlackElo "2518"]
[PlyCount "44"]
[EventDate "2022.01.15"]
[EventRounds "9"]
[EventCountry "CZE"]

1. Nf3 Nf6 2. c4 c6 3. d4 d5 4. Qc2 dxc4 5. Qxc4 Bf5 6. g3 e6 7. Bg2 Be7 8. O-O
O-O 9. e3 Nbd7 10. Qe2 Bg6 11. Rd1 Rc8 12. Nc3 b5 13. a3 a5 14. Bd2 b4 15. axb4
axb4 16. Na4 Be4 17. Nc5 Nxc5 18. dxc5 Bxc5 19. Bxb4 Qe7 20. Bxc5 Qxc5 21. Rac1
Qa5 22. Nd2 Bxg2  1/2-1/2

[Event "Marienbad Open 2022 - A2 GM Round Robin"]
[Site "Continental hotel, Marianske Lazne"]
[Date "2022.01.19"]
[Round "6"]
[Board "5"]
[White "Ghazarian, Kirk"]
[Black "Sorm, Daniel"]
[Result "1/2-1/2"]
[WhiteElo "2379"]
[BlackElo "2345"]
[PlyCount "51"]
[EventDate "2022.01.15"]
[EventRounds "9"]
[EventCountry "CZE"]

1. d4 f5 2. c4 Nf6 3. Nc3 d6 4. Nf3 g6 5. g3 Bg7 6. Bg2 O-O 7. O-O c6 8. Rb1
Qc7 9. Qc2 e5 10. dxe5 dxe5 11. e4 f4 12. b3 fxg3 13. hxg3 Qe7 14. Be3 Ng4 15.
Bg5 Bf6 16. Qd2 Na6 17. Rbd1 Nc5 18. Bxf6 Qxf6 19. Qg5 Qxg5 20. Nxg5 h6 21. Nf3
Be6 22. Rd6 Rf6 23. Rfd1 Raf8 24. Rd8 a5 25. Rxf8+ Kxf8 26. Rd2  1/2-1/2

[Event "Marienbad Open 2022 - A2 GM Round Robin"]
[Site "Continental hotel, Marianske Lazne"]
[Date "2022.01.20"]
[Round "7"]
[Board "1"]
[White "Sorm, Daniel"]
[Black "Lalith, Babu"]
[Result "0-1"]
[WhiteElo "2345"]
[BlackElo "2548"]
[PlyCount "74"]
[EventDate "2022.01.15"]
[EventRounds "9"]
[EventCountry "CZE"]

1. d4 Nf6 2. c4 e6 3. Nc3 Bb4 4. e3 b6 5. Bd3 Bb7 6. Nf3 O-O 7. O-O c5 8. Bd2
d6 9. a3 Bxc3 10. Bxc3 Nbd7 11. Qe2 Rc8 12. Rfd1 Qe7 13. b3 Rfd8 14. Bb2 Be4
15. Bxe4 Nxe4 16. d5 exd5 17. cxd5 Re8 18. Ne1 Nef6 19. Rac1 Qe4 20. Rc4 Qf5
21. g4 Qg6 22. Ng2 b5 23. Rf4 c4 24. bxc4 bxc4 25. Rxc4 Rxc4 26. Qxc4 Nxg4 27.
Qa4 Rd8 28. h3 Nge5 29. f4 Nc5 30. Qa5 Nf3+ 31. Kf2 Qc2+ 32. Kg3 Ne4+ 33. Kxf3
Qxd1+ 34. Kxe4 Re8+ 35. Be5 f5+ 36. Kxf5 Qc2+ 37. e4 Qxg2  0-1

[Event "Marienbad Open 2022 - A2 GM Round Robin"]
[Site "Continental hotel, Marianske Lazne"]
[Date "2022.01.20"]
[Round "7"]
[Board "2"]
[White "Stefansson, Hannes"]
[Black "Ghazarian, Kirk"]
[Result "1-0"]
[WhiteElo "2518"]
[BlackElo "2379"]
[PlyCount "79"]
[EventDate "2022.01.15"]
[EventRounds "9"]
[EventCountry "CZE"]

1. e4 c5 2. Nf3 Nc6 3. d4 cxd4 4. Nxd4 e5 5. Nb5 d6 6. c4 Be6 7. N1c3 a6 8. Na3
g6 9. Nd5 Bg7 10. Be3 Nd4 11. Nc2 Bxd5 12. cxd5 Qb6 13. Bd3 Nf6 14. Nxd4 exd4
15. Qa4+ Nd7 16. Bd2 Qd8 17. Bb4 Be5 18. O-O g5 19. Rac1 O-O 20. Qa3 Nf6 21.
Bd2 Nd7 22. Be2 Nc5 23. Qf3 d3 24. Bxd3 Bxb2 25. Rxc5 dxc5 26. e5 f6 27. Qf5
Rf7 28. e6 Rg7 29. h4 Qc7 30. Re1 Re8 31. hxg5 fxg5 32. Bxg5 c4 33. Bc2 Rf8 34.
Qe4 Rg6 35. e7 Re8 36. Bf4 Qc5 37. d6 Qb5 38. a4 Qd7 39. Qd5+ Kg7 40. Bf5  1-0

[Event "Marienbad Open 2022 - A2 GM Round Robin"]
[Site "Continental hotel, Marianske Lazne"]
[Date "2022.01.20"]
[Round "7"]
[Board "3"]
[White "Rasik, Vitezslav"]
[Black "Finek, Vaclav"]
[Result "1/2-1/2"]
[WhiteElo "2424"]
[BlackElo "2425"]
[PlyCount "33"]
[EventDate "2022.01.15"]
[EventRounds "9"]
[EventCountry "CZE"]

1. e4 c5 2. Nf3 e6 3. d3 Nc6 4. g3 g6 5. Bg2 Bg7 6. O-O Nge7 7. c3 e5 8. Nbd2
O-O 9. Nb3 d6 10. d4 exd4 11. cxd4 c4 12. d5 cxb3 13. dxc6 Nxc6 14. Qxb3 Qb6
15. Qa4 Be6 16. Ng5 Qd4 17. Qxd4  1/2-1/2

[Event "Marienbad Open 2022 - A2 GM Round Robin"]
[Site "Continental hotel, Marianske Lazne"]
[Date "2022.01.20"]
[Round "7"]
[Board "4"]
[White "Malinovsky, Karel"]
[Black "Wachinger, Nikolas"]
[Result "1/2-1/2"]
[WhiteElo "2473"]
[BlackElo "2360"]
[PlyCount "81"]
[EventDate "2022.01.15"]
[EventRounds "9"]
[EventCountry "CZE"]

1. e4 e5 2. Nf3 Nf6 3. d4 Nxe4 4. Bd3 d5 5. Nxe5 Nd7 6. Nxd7 Bxd7 7. O-O Bd6 8.
Nc3 Nxc3 9. bxc3 O-O 10. Qh5 f5 11. Re1 c6 12. Bg5 Qc7 13. Re3 g6 14. Qh4 Rae8
15. Rae1 Rxe3 16. Rxe3 b5 17. Be7 Re8 18. Qf6 Bxe7 19. Rxe7 Rxe7 20. Qxe7 Qc8
21. h4 a5 22. Kh2 Qe8 23. Qf6 a4 24. Kg3 Qb8+ 25. Kf3 Qf8 26. Qe5 Kf7 27. g3 h5
28. Qc7 Ke6 29. Qe5+ Kf7 30. Qc7 Ke6 31. Ke3 Qh6+ 32. Ke2 Qf8 33. f3 Qd6 34.
Qxd6+ Kxd6 35. a3 Ke7 36. Ke3 Kf6 37. Be2 Be6 38. Bd1 Bd7 39. Be2 Be6 40. Bd1
Bd7 41. Be2  1/2-1/2

[Event "Marienbad Open 2022 - A2 GM Round Robin"]
[Site "Continental hotel, Marianske Lazne"]
[Date "2022.01.20"]
[Round "7"]
[Board "5"]
[White "Braeuer, Franz"]
[Black "Kusa, Jakub"]
[Result "1/2-1/2"]
[WhiteElo "2435"]
[BlackElo "2297"]
[PlyCount "49"]
[EventDate "2022.01.15"]
[EventRounds "9"]
[EventCountry "CZE"]

1. e4 e5 2. Nf3 Nc6 3. Bb5 a6 4. Ba4 Nf6 5. d3 b5 6. Bb3 Be7 7. Nc3 O-O 8. Nd5
d6 9. Nxe7+ Qxe7 10. Bg5 h6 11. Bh4 Be6 12. O-O Nb8 13. Re1 c5 14. Nd2 Nc6 15.
c3 Bxb3 16. Qxb3 Qe6 17. Bxf6 Qxf6 18. Nf1 Qe6 19. Qd5 Qxd5 20. exd5 Ne7 21. d4
cxd4 22. cxd4 Nxd5 23. dxe5 dxe5 24. Rxe5 Rfd8 25. g3  1/2-1/2

[Event "Marienbad Open 2022 - A2 GM Round Robin"]
[Site "Continental hotel, Marianske Lazne"]
[Date "2022.01.21"]
[Round "8"]
[Board "1"]
[White "Lalith, Babu"]
[Black "Kusa, Jakub"]
[Result "1-0"]
[WhiteElo "2548"]
[BlackElo "2297"]
[PlyCount "85"]
[EventDate "2022.01.15"]
[EventRounds "9"]
[EventCountry "CZE"]

1. c4 e6 2. Nc3 d5 3. d4 Nf6 4. cxd5 exd5 5. Bg5 Nbd7 6. e3 c6 7. Bd3 Be7 8.
Nge2 O-O 9. O-O h6 10. Bh4 Nh5 11. Bxe7 Qxe7 12. Rb1 a5 13. Qc2 Nb6 14. a3 a4
15. Qd1 Qg5 16. Bc2 Bf5 17. Bxf5 Qxf5 18. h3 Nf6 19. Ng3 Qe6 20. Qc2 Rfe8 21.
Rfc1 Ne4 22. Ngxe4 dxe4 23. b3 Ra7 24. bxa4 Nd5 25. Nxd5 Qxd5 26. Rb4 f5 27.
Qe2 Rea8 28. Rc5 Qf7 29. Qc2 Ra5 30. Rxa5 Rxa5 31. Qb2 Ra7 32. a5 Qe7 33. Qb3+
Kh7 34. a4 f4 35. exf4 Qd6 36. g3 Rxa5 37. Rxb7 Qxd4 38. Rb4 Qa1+ 39. Kg2 Qe1
40. Qc4 e3 41. Qe4+ Kg8 42. Rb8+ Kf7 43. Qe8+  1-0

[Event "Marienbad Open 2022 - A2 GM Round Robin"]
[Site "Continental hotel, Marianske Lazne"]
[Date "2022.01.21"]
[Round "8"]
[Board "2"]
[White "Wachinger, Nikolas"]
[Black "Braeuer, Franz"]
[Result "0-1"]
[WhiteElo "2360"]
[BlackElo "2435"]
[PlyCount "94"]
[EventDate "2022.01.15"]
[EventRounds "9"]
[EventCountry "CZE"]

1. d4 Nf6 2. c4 e6 3. Nc3 Bb4 4. Qc2 d5 5. a3 Bxc3+ 6. Qxc3 Ne4 7. Qc2 c5 8.
dxc5 Nc6 9. e3 Qa5+ 10. Bd2 Qxc5 11. b4 Qe7 12. Nf3 O-O 13. Bd3 Nxd2 14. Qxd2
dxc4 15. Bxc4 e5 16. Bd5 Rd8 17. Qa2 e4 18. Nd2 a5 19. b5 Ne5 20. Nxe4 Nd3+ 21.
Ke2 Bf5 22. f3 Qe5 23. Bxb7 Rab8 24. Bc6 Bxe4 25. Bxe4 Qxb5 26. Bxd3 Rxd3 27.
a4 Qa6 28. Rhb1 Rbd8 29. Ke1 Qh6 30. Qf2 Qxh2 31. Kf1 Rd2 32. Qg1 Qe5 33. Re1
h6 34. Rac1 Ra2 35. Red1 Rxd1+ 36. Rxd1 Qb2 37. Re1 Rxa4 38. Qh2 Ra2 39. Qg3 a4
40. Kg1 Ra1 41. Rxa1 Qxa1+ 42. Kh2 a3 43. Qb8+ Kh7 44. Qf4 Qa2 45. e4 Qe6 46.
e5 a2 47. Qd4 Qg6  0-1

[Event "Marienbad Open 2022 - A2 GM Round Robin"]
[Site "Continental hotel, Marianske Lazne"]
[Date "2022.01.21"]
[Round "8"]
[Board "3"]
[White "Finek, Vaclav"]
[Black "Malinovsky, Karel"]
[Result "1/2-1/2"]
[WhiteElo "2425"]
[BlackElo "2473"]
[PlyCount "47"]
[EventDate "2022.01.15"]
[EventRounds "9"]
[EventCountry "CZE"]

1. d4 d5 2. c4 e6 3. Nf3 Nf6 4. g3 Be7 5. Bg2 O-O 6. O-O dxc4 7. Qc2 c6 8. Qxc4
b5 9. Qc2 Bb7 10. Rd1 Nbd7 11. Nc3 Rc8 12. Bg5 c5 13. Bxf6 Nxf6 14. Nxb5 Qb6
15. Nc3 Bxf3 16. dxc5 Bxc5 17. exf3 Bd4 18. f4 Ng4 19. Rd2 Rfd8 20. Re1 Rb8 21.
Nd1 Rbc8 22. Nc3 Rb8 23. Nd1 Rbc8 24. Nc3  1/2-1/2

[Event "Marienbad Open 2022 - A2 GM Round Robin"]
[Site "Continental hotel, Marianske Lazne"]
[Date "2022.01.21"]
[Round "8"]
[Board "4"]
[White "Ghazarian, Kirk"]
[Black "Rasik, Vitezslav"]
[Result "1/2-1/2"]
[WhiteElo "2379"]
[BlackElo "2424"]
[PlyCount "118"]
[EventDate "2022.01.15"]
[EventRounds "9"]
[EventCountry "CZE"]

1. e4 d6 2. d4 g6 3. Nc3 Nf6 4. Nf3 Bg7 5. h3 O-O 6. Be3 c6 7. a4 Nbd7 8. a5
Qc7 9. Bd3 Rb8 10. O-O b5 11. axb6 axb6 12. d5 Bb7 13. dxc6 Bxc6 14. Nd4 Bb7
15. Ndb5 Qc8 16. Bd4 Ra8 17. Qf3 Qb8 18. Nd5 Nxd5 19. Bxg7 Kxg7 20. exd5 e6 21.
c4 Nf6 22. Qg3 exd5 23. Nxd6 Rxa1 24. Rxa1 Rd8 25. Nf5+ Kh8 26. Qxb8 Rxb8 27.
Nd6 Ra8 28. Rxa8+ Bxa8 29. Nxf7+ Kg7 30. Ne5 Kf8 31. f4 Ke7 32. Kf2 Kd6 33. g4
Kc5 34. Ke3 dxc4 35. Bxc4 Bg2 36. g5 Nd5+ 37. Bxd5 Kxd5 38. h4 Bh3 39. Kf3 b5
40. Ng4 Ke6 41. Ne3 Kd6 42. b4 Bc8 43. Ke4 Bb7+ 44. Kd4 Bf3 45. Nf1 Bg2 46. Ng3
Bf3 47. Ke3 Bg2 48. h5 gxh5 49. Nxh5 Ke6 50. Nf6 h6 51. Nh5 hxg5 52. fxg5 Kf5
53. g6 Bd5 54. Nf4 Bc4 55. Nd3 Ba2 56. Nf4 Bc4 57. g7 Kf6 58. Kd4 Kxg7 59. Kc5
Kf6  1/2-1/2

[Event "Marienbad Open 2022 - A2 GM Round Robin"]
[Site "Continental hotel, Marianske Lazne"]
[Date "2022.01.21"]
[Round "8"]
[Board "5"]
[White "Sorm, Daniel"]
[Black "Stefansson, Hannes"]
[Result "0-1"]
[WhiteElo "2345"]
[BlackElo "2518"]
[PlyCount "80"]
[EventDate "2022.01.15"]
[EventRounds "9"]
[EventCountry "CZE"]

1. d4 Nf6 2. c4 e6 3. Nc3 Bb4 4. e3 O-O 5. Bd3 d5 6. a3 Bxc3+ 7. bxc3 dxc4 8.
Bxc4 c5 9. Ne2 Qc7 10. Bd3 e5 11. O-O Nc6 12. e4 cxd4 13. cxd4 exd4 14. f4 Ng4
15. h3 Ne3 16. Bxe3 dxe3 17. Qc1 Qb6 18. Rb1 Qa5 19. Rd1 Rd8 20. Rb5 Qc7 21.
Qxe3 Be6 22. Rdb1 Qd6 23. Nc1 Qxa3 24. e5 g6 25. f5 Bxf5 26. R1b3 Qa1 27. Bxf5
Rd1+ 28. Kh2 Qxc1 29. Be4 Nd4 30. Qxc1 Rxc1 31. Rb1 Rxb1 32. Rxb1 Rb8 33. Bxb7
Ne6 34. Rb5 a5 35. Bc6 Rxb5 36. Bxb5 Nc5 37. Kg3 a4 38. Kf3 a3 39. Bc4 Nd3 40.
e6 Ne5+  0-1

[Event "Marienbad Open 2022 - A2 GM Round Robin"]
[Site "Continental hotel, Marianske Lazne"]
[Date "2022.01.22"]
[Round "9"]
[Board "2"]
[White "Rasik, Vitezslav"]
[Black "Sorm, Daniel"]
[Result "1/2-1/2"]
[WhiteElo "2424"]
[BlackElo "2345"]
[PlyCount "149"]
[EventDate "2022.01.15"]
[EventRounds "9"]
[EventCountry "CZE"]

1. e4 e6 2. d3 d5 3. Nd2 c5 4. Ngf3 Nc6 5. g3 Bd6 6. Bg2 Nge7 7. O-O O-O 8. Re1
Qc7 9. c3 d4 10. Nc4 e5 11. cxd4 cxd4 12. Bd2 b5 13. Nxd6 Qxd6 14. Rf1 f6 15.
Ne1 Be6 16. f4 exf4 17. Bxf4 Ne5 18. Qh5 N7g6 19. Bh3 Bxh3 20. Qxh3 Rac8 21.
Bd2 Rc6 22. Qh5 Rfc8 23. Qd1 Qe6 24. Qb3 Qxb3 25. axb3 a6 26. h3 Nf8 27. Kf2 g5
28. Ke2 Nfd7 29. b4 Kg7 30. Ra2 Ra8 31. Rf5 h6 32. Rf1 Kg6 33. Ng2 Nb6 34. b3
Nbd7 35. Rc1 Rac8 36. Rxc6 Rxc6 37. Ne1 Nf8 38. Rc2 Rxc2 39. Nxc2 Ne6 40. Be1
h5 41. Bf2 Nc6 42. Kf3 Ne5+ 43. Ke2 Nc6 44. Kf3 Kf7 45. Bg1 Ke7 46. Bf2 Ne5+
47. Ke2 Nc6 48. Kf3 Kd6 49. Bg1 Kc7 50. Bf2 Ne5+ 51. Ke2 Nc6 52. Kf3 Kb7 53.
Ke2 Kb6 54. Be1 Kc7 55. Bf2 Kd6 56. Kf3 Ke7 57. Bg1 Kf7 58. Bf2 Kg6 59. Bg1 f5
60. exf5+ Kxf5 61. Bf2 Ne5+ 62. Ke2 g4 63. hxg4+ Kxg4 64. Nxd4 Nxd4+ 65. Bxd4
Nc6 66. Bc5 Kxg3 67. Ke3 h4 68. d4 h3 69. d5 h2 70. Bd6+ Kh3 71. Bxh2 Nxb4 72.
Be5 Nxd5+ 73. Kd4 Nb6 74. Bg7 Kg4 75. Kc5  1/2-1/2

[Event "Marienbad Open 2022 - A2 GM Round Robin"]
[Site "Continental hotel, Marianske Lazne"]
[Date "2022.01.22"]
[Round "9"]
[Board "3"]
[White "Malinovsky, Karel"]
[Black "Ghazarian, Kirk"]
[Result "1/2-1/2"]
[WhiteElo "2473"]
[BlackElo "2379"]
[PlyCount "65"]
[EventDate "2022.01.15"]
[EventRounds "9"]
[EventCountry "CZE"]

1. e4 c5 2. Nf3 Nc6 3. d4 cxd4 4. Nxd4 Nf6 5. Nc3 d6 6. Bg5 e6 7. Qd3 Bd7 8.
O-O-O a6 9. Nxc6 Bxc6 10. Qg3 h6 11. Qh4 Rg8 12. Bxf6 Qxf6 13. Qxf6 gxf6 14. a4
Rc8 15. h4 Be7 16. f3 Bd7 17. Rd4 Rc5 18. g4 h5 19. Be2 hxg4 20. fxg4 Kf8 21.
Kd2 Kg7 22. Nd1 Rgc8 23. Ne3 a5 24. b3 Bc6 25. Bd3 Rd8 26. Rh3 d5 27. exd5 Bxd5
28. Nxd5 Rcxd5 29. Rxd5 Rxd5 30. c3 Re5 31. Re3 Rxe3 32. Kxe3 f5 33. gxf5
 1/2-1/2

[Event "Marienbad Open 2022 - A2 GM Round Robin"]
[Site "Continental hotel, Marianske Lazne"]
[Date "2022.01.22"]
[Round "9"]
[Board "4"]
[White "Braeuer, Franz"]
[Black "Finek, Vaclav"]
[Result "1/2-1/2"]
[WhiteElo "2435"]
[BlackElo "2425"]
[PlyCount "52"]
[EventDate "2022.01.15"]
[EventRounds "9"]
[EventCountry "CZE"]

1. Nf3 d5 2. g3 Nf6 3. Bg2 g6 4. c4 c6 5. O-O Bg7 6. d3 O-O 7. Qb3 Nbd7 8. Nc3
dxc4 9. Qxc4 Nb6 10. Qh4 Nbd5 11. Bh6 Nxc3 12. bxc3 Qa5 13. c4 Bg4 14. Rfb1
Bxf3 15. Bxf3 Qc7 16. a4 Rfd8 17. Ra2 Ne8 18. Bxg7 Nxg7 19. Rab2 Rab8 20. Qg5
Ne6 21. Qd2 Nc5 22. Qb4 Qd6 23. Rd1 e5 24. Rbd2 Ne6 25. Qxd6 Rxd6 26. a5 Rbd8
 1/2-1/2

[Event "Marienbad Open 2022 - A2 GM Round Robin"]
[Site "Continental hotel, Marianske Lazne"]
[Date "2022.01.22"]
[Round "9"]
[Board "5"]
[White "Kusa, Jakub"]
[Black "Wachinger, Nikolas"]
[Result "0-1"]
[WhiteElo "2297"]
[BlackElo "2360"]
[PlyCount "90"]
[EventDate "2022.01.15"]
[EventRounds "9"]
[EventCountry "CZE"]

1. d4 Nf6 2. Nf3 g6 3. c4 Bg7 4. Nc3 O-O 5. e4 d6 6. Be2 Nbd7 7. O-O e5 8. Be3
c6 9. dxe5 dxe5 10. h3 Qe7 11. Qc2 Nh5 12. Rfd1 Nf4 13. Bf1 Ne6 14. a3 f5 15.
exf5 gxf5 16. b4 a5 17. Rab1 axb4 18. axb4 Ra3 19. c5 e4 20. Nd4 Ne5 21. Nce2
Nd3 22. Nxe6 Bxe6 23. Nf4 Ra2 24. Bxd3 Rxc2 25. Bxc2 Ba2 26. Bb3+ Bxb3 27. Rxb3
Rd8 28. Rxd8+ Qxd8 29. Ra3 Qd1+ 30. Kh2 Qb1 31. Ne6 Bf6 32. Ra8+ Kf7 33. Nd8+
Ke7 34. g3 Qxb4 35. Rb8 Qb5 36. Bf4 Qxc5 37. Kg1 b5 38. Nb7 Qa7 39. Nd8 Qc5 40.
Nb7 Qa7 41. Nd8 Qa1+ 42. Kg2 Kd7 43. Nf7 Ke6 44. Nd6 Be5 45. Re8+ Kxd6  0-1

[Event "Marienbad Open 2022 - B1 IM Round Robin"]
[Site "Continental hotel, Marianske Lazne"]
[Date "2022.01.15"]
[Round "1"]
[Board "1"]
[White "Smolik, Jachym"]
[Black "Matras, Ondrej"]
[Result "1/2-1/2"]
[WhiteElo "2291"]
[BlackElo "2230"]
[PlyCount "0"]
[EventDate "2022.01.15"]
[EventRounds "9"]
[EventCountry "CZE"]

1. d4 {[%clk 1:30:58]} d5 {[%clk 1:30:59]} 2. Nf3 {[%clk 1:31:17]} Nc6
{[%clk 1:28:19]} 3. c4 {[%clk 1:30:25]} e6 {[%clk 1:25:46]} 4. Nc3
{[%clk 1:30:01]} Nf6 {[%clk 1:26:04]} 5. Bg5 {[%clk 1:27:32]} Be7
{[%clk 1:26:31]} 6. e3 {[%clk 1:27:37]} O-O {[%clk 1:25:58]} 7. a3
{[%clk 1:17:37]} b6 {[%clk 1:18:48]} 8. Bd3 {[%clk 1:11:45]} dxc4
{[%clk 1:15:29]} 9. Bxc4 {[%clk 1:12:09]} Nd5 {[%clk 1:12:55]} 10. Bxe7
{[%clk 1:11:31]} Ncxe7 {[%clk 1:12:52]} 11. e4 {[%clk 0:59:32]} Nxc3
{[%clk 1:11:27]} 12. bxc3 {[%clk 0:59:55]} Bb7 {[%clk 1:11:02]} 13. Qe2
{[%clk 0:59:58]} c5 {[%clk 1:09:38]} 14. O-O {[%clk 1:00:20]} Qc7
{[%clk 1:06:28]} 15. Bd3 {[%clk 0:47:52]} Ng6 {[%clk 1:03:21]} 16. g3
{[%clk 0:44:51]} Rfd8 {[%clk 1:02:18]} 17. Qe3 {[%clk 0:43:08]} Rac8
{[%clk 1:01:53]} 18. a4 {[%clk 0:39:01]} Qc6 {[%clk 0:28:45]} 19. h4
{[%clk 0:36:12]} f5 {[%clk 0:21:58]} 20. Ng5 {[%clk 0:30:41]} h6 {[%clk 0:19:24]}
21. Bb5 {[%clk 0:19:58]} Qd6 {[%clk 0:19:53]} 22. exf5 {[%clk 0:16:44]} hxg5
{[%clk 0:18:18]} 23. fxg6 {[%clk 0:16:49]} Qd5 {[%clk 0:16:57]} 24. f3
{[%clk 0:17:14]} cxd4 {[%clk 0:15:34]} 25. cxd4 {[%clk 0:14:50]} gxh4
{[%clk 0:13:53]} 26. gxh4 {[%clk 0:12:38]} Qxd4 {[%clk 0:12:24]} 27. Qxd4
{[%clk 0:13:07]} Rxd4 {[%clk 0:12:44]} 28. Rac1 {[%clk 0:09:29]} Rf8
{[%clk 0:07:03]} 29. Rc7 {[%clk 0:09:04]} Bd5 {[%clk 0:07:05]} 30. Re7
{[%clk 0:05:33]} Rxh4 {[%clk 0:05:55]} 31. Be8 {[%clk 0:05:54]} Rhf4
{[%clk 0:03:52]} 32. Bf7+ {[%clk 0:05:14]} R4xf7 {[%clk 0:03:03]} 33. gxf7+
{[%clk 0:05:25]} Rxf7 {[%clk 0:03:32]} 34. Rxf7 {[%clk 0:05:47]} Kxf7
{[%clk 0:04:00]} 35. Kf2 {[%clk 0:05:03]} Bc6 {[%clk 0:02:57]} 36. Ra1
{[%clk 0:05:21]} a6 {[%clk 0:02:49]} 37. Ke3 {[%clk 0:05:34]} Kf6
{[%clk 0:02:18]} 38. Rb1 {[%clk 0:04:17]} Bxa4 {[%clk 0:02:07]} 39. Rxb6
{[%clk 0:04:45]} Bb5 {[%clk 0:02:28]} 40. Kf4 {[%clk 0:04:19]} Bc4
{[%clk 0:01:07]} 41. Rc6 {[%clk 0:04:38]}  1/2-1/2

[Event "Marienbad Open 2022 - B1 IM Round Robin"]
[Site "Continental hotel, Marianske Lazne"]
[Date "2022.01.15"]
[Round "1"]
[Board "5"]
[White "Gnojek, Petr"]
[Black "Frank, Adam"]
[Result "1/2-1/2"]
[WhiteElo "2254"]
[BlackElo "2324"]
[PlyCount "22"]
[EventDate "2022.01.15"]
[EventRounds "9"]
[EventCountry "CZE"]

1. e4 c5 2. Nf3 d6 3. d4 cxd4 4. Nxd4 Nf6 5. Nc3 a6 6. Bg5 Nbd7 7. f4 e6 8. Qf3
Be7 9. O-O-O Qc7 10. g4 h6 11. Bh4 g5  1/2-1/2

[Event "Marienbad Open 2022 - B1 IM Round Robin"]
[Site "Continental hotel, Marianske Lazne"]
[Date "2022.01.16"]
[Round "2"]
[Board "1"]
[White "Matras, Ondrej"]
[Black "Frank, Adam"]
[Result "1/2-1/2"]
[WhiteElo "2230"]
[BlackElo "2324"]
[PlyCount "88"]
[EventDate "2022.01.15"]
[EventRounds "9"]
[EventCountry "CZE"]

1. d4 Nf6 2. c4 g6 3. Nc3 Bg7 4. e4 d6 5. f3 O-O 6. Be3 a6 7. Qd2 Nc6 8. Nge2
Bd7 9. Rc1 Rb8 10. g3 b5 11. cxb5 axb5 12. Bg2 e6 13. O-O b4 14. Nd1 Ra8 15. b3
Qc8 16. Nf2 Qa6 17. Rc2 Rfb8 18. f4 Rb5 19. e5 Nd5 20. Ne4 Nce7 21. Bf2 Ra5 22.
Nc1 Rf8 23. Re1 h5 24. Nd3 Qb6 25. Nb2 Rxa2 26. Nc4 Rxc2 27. Qxc2 Qa7 28. Qb2
Ra8 29. exd6 cxd6 30. Nexd6 Qa2 31. Qxa2 Rxa2 32. Ne5 Bxe5 33. dxe5 Ra3 34. Ne4
Bc6 35. Bc5 Rxb3 36. Ra1 Rb2 37. Bxe7 Nxe7 38. Nf6+ Kg7 39. Bxc6 Nxc6 40. Ra8
Ne7 41. Re8 Rc2 42. Rxe7 b3 43. Re8 b2 44. Rg8+ Kh6  1/2-1/2

[Event "Marienbad Open 2022 - B1 IM Round Robin"]
[Site "Continental hotel, Marianske Lazne"]
[Date "2022.01.16"]
[Round "2"]
[Board "2"]
[White "Jurek, Josef"]
[Black "Gnojek, Petr"]
[Result "1-0"]
[WhiteElo "2211"]
[BlackElo "2254"]
[PlyCount "55"]
[EventDate "2022.01.15"]
[EventRounds "9"]
[EventCountry "CZE"]

1. Nf3 d6 2. d4 g6 3. g3 Bg7 4. Bg2 f5 5. O-O Nf6 6. b4 O-O 7. Bb2 Qe8 8. c4 c6
9. a4 Kh8 10. Qb3 h6 11. Nbd2 Be6 12. Rfe1 Nbd7 13. e4 fxe4 14. Nxe4 Nxe4 15.
Rxe4 Bxc4 16. Qe3 Rf7 17. Re1 e6 18. d5 Bxb2 19. dxe6 Bxe6 20. Rxe6 Qg8 21.
Qxh6+ Rh7 22. Qd2 Be5 23. Ng5 Rg7 24. Re4 Qc8 25. Rh4+ Kg8 26. Bh3 Qc7 27. Rxe5
Nxe5 28. Be6+  1-0

[Event "Marienbad Open 2022 - B1 IM Round Robin"]
[Site "Continental hotel, Marianske Lazne"]
[Date "2022.01.16"]
[Round "2"]
[Board "3"]
[White "Mantovani, Renzo"]
[Black "Redzisz, Michal"]
[Result "1/2-1/2"]
[WhiteElo "2272"]
[BlackElo "2213"]
[PlyCount "110"]
[EventDate "2022.01.15"]
[EventRounds "9"]
[EventCountry "CZE"]

1. b3 Nf6 2. Bb2 g6 3. Nf3 Bg7 4. e3 O-O 5. d4 d6 6. Nbd2 Nbd7 7. Nc4 a5 8. a4
c6 9. g3 Qc7 10. Bg2 b5 11. axb5 cxb5 12. Ncd2 b4 13. O-O Ba6 14. Re1 Rfc8 15.
Qb1 Bb7 16. Rc1 Nd5 17. Ne1 e5 18. dxe5 Bxe5 19. Nc4 Bc3 20. Nd3 a4 21. e4 Bxb2
22. Qxb2 Nc3 23. Re1 a3 24. Qc1 Ba6 25. Nxb4 Bxc4 26. bxc4 Qxc4 27. Nd3 Ne5 28.
Nxe5 dxe5 29. Rxa3 Ne2+ 30. Rxe2 Rxa3 31. Bf1 Rc3 32. Qb2 Qd4 33. Qa2 R8c4 34.
Kg2 Ra4 35. Qb1 Rca3 36. Re1 Kg7 37. Qb7 Ra1 38. Rxa1 Rxa1 39. Bd3 Qc3 40. Qe7
Qd4 41. h4 h5 42. Qg5 Rd1 43. Kf3 Qc3 44. Qe3 Rg1 45. Qb6 Rc1 46. Qe3 Rg1 47.
Qb6 Rc1 48. Qe3 Re1 49. Qb6 Qa1 50. Qc5 Qd1+ 51. Kg2 Rg1+ 52. Kh2 Rh1+ 53. Kg2
Rg1+ 54. Kh2 Rh1+ 55. Kg2 Rg1+  1/2-1/2

[Event "Marienbad Open 2022 - B1 IM Round Robin"]
[Site "Continental hotel, Marianske Lazne"]
[Date "2022.01.16"]
[Round "2"]
[Board "4"]
[White "Bracker, Arne"]
[Black "Plischki, Sebastian"]
[Result "1/2-1/2"]
[WhiteElo "2228"]
[BlackElo "2375"]
[PlyCount "47"]
[EventDate "2022.01.15"]
[EventRounds "9"]
[EventCountry "CZE"]

1. e4 c5 2. Nf3 e6 3. d4 cxd4 4. Nxd4 a6 5. Bd3 Bc5 6. Nb3 Ba7 7. Qe2 Nc6 8.
Be3 d6 9. Nc3 b5 10. a4 b4 11. Nb1 Nge7 12. N1d2 O-O 13. O-O Ne5 14. f4 Nxd3
15. cxd3 a5 16. Bxa7 Rxa7 17. Qe3 Ra8 18. Nc4 d5 19. Nb6 Rb8 20. Nxc8 Rxc8 21.
Rfc1 Rxc1+ 22. Rxc1 dxe4 23. dxe4 Qd7 24. Nc5  1/2-1/2

[Event "Marienbad Open 2022 - B1 IM Round Robin"]
[Site "Continental hotel, Marianske Lazne"]
[Date "2022.01.16"]
[Round "2"]
[Board "5"]
[White "Smolik, Jachym"]
[Black "Ricken, Katharina"]
[Result "1-0"]
[WhiteElo "2291"]
[BlackElo "2006"]
[PlyCount "55"]
[EventDate "2022.01.15"]
[EventRounds "9"]
[EventCountry "CZE"]

1. d4 e6 2. c4 Bb4+ 3. Bd2 Qe7 4. g3 Nf6 5. Bg2 Nc6 6. e3 Bxd2+ 7. Qxd2 O-O 8.
Nc3 d6 9. Nge2 e5 10. O-O Bg4 11. Nd5 Qd8 12. Nec3 Rb8 13. h3 Bh5 14. f4 exf4
15. exf4 h6 16. f5 Re8 17. g4 Nxg4 18. hxg4 Bxg4 19. f6 g5 20. Rae1 Qd7 21. Ne4
Bh5 22. Ne7+ Kh7 23. Qd3 Kh8 24. Ng3 Bg4 25. Ngf5 Bxf5 26. Nxf5 h5 27. Qf3 g4
28. Qf4  1-0